00670nam a22002291 4500001001300000003000400013005001700017008004100034010001700075025001900092050001800111082001200129100003600141245005600177250001400233260006200247300001900309350001100328500005600339650002800395999001700423sa 68002070 DLC20260227112439.0710903s1967 ii d 00010 eng  asa 68002070  aPL480:I-E-92580 aHF1002b.B275 a330/.0310aBanerjee, Rabindra Nath,d1904-10aDictionary of commercial terms,cby R. N. Banerjee. a[1st ed.]0 aCalcutta;b[sole distributors: Patrika Syndicates,c1967] a170 p.c19 cm. aRs5.50 aDistributor statement covered by publisher's label. 0aCommercexDictionaries. c78433d78433